000 00980nam a2200193 i 4500
001 152448
003 ES-MaACL
005 20251015063135.0
008 931025s1770 fr |||| | fre d
100 1 _aBossuet, Jacques Bénigne,
_d1627-1704
_930723
245 1 0 _aHistoire des variations des Eglises Protestantes... /
_cpar... Jacques Benigne Bossuet... ; tome premier [-cinquième].
260 _aA Paris :
_bde l'Imprimerie de L. Cellot...,
_c1770.
300 _a5 v. ;
_c12º (18 cm)
597 _aApostillas marginales.
597 _aAntep. en T. premier y T. troisieme.
650 4 _aProtestantismo.
_916517
852 _aES-MaACL
_jR-964-68
_z-- Enc. pasta española
_x-- Olim: G-8668-8672
_x-- Edic.: T.I: [4], CXLIV, 332 p. - T.III: III, [1] en bl., 485, [2] p. -- Sign.: []\p2\s, a-f\p12\s, A-N\p12\s, O\p10\s; a\p4\s, A-T\p12\s; []\p2\s, A-R\p12\s; []\p2\s, A-2A\p12\s, B\p8\s; []\p2\s; A-V\p12\s, X\p4\s
_x Olim: G-8668-72
999 _c152448
_d152448